[Event "Aragon-chT Preferente Gr I"]
[Site "Aragon"]
[Date "2022.03.05"]
[Round "6.45"]
[White "Planas Torrea, Alberto"]
[Black "Martinez Arbones, Victor"]
[Result "1-0"]
[WhiteElo "1905"]
[BlackElo "1564"]
[PlyCount "79"]
[EventDate "2022.01.29"]
[EventType "team-tourn"]
[EventRounds "9"]
[EventCountry "ESP"]
[SourceTitle "EXT 2024"]
[Source "ChessBase"]
[SourceDate "2023.10.10"]
[SourceVersion "1"]
[SourceVersionDate "2023.10.10"]
[SourceQuality "1"]
[WhiteTeam "Ejea"]
[BlackTeam "Palacio de Pioneros IV"]
[WhiteTeamCountry "ESP"]
[BlackTeamCountry "ESP"]

1. e4 e6 2. d4 d5 3. e5 c5 4. c3 Nc6 5. Nf3 Qb6 6. Be2 Nge7 7. Na3 cxd4 8. cxd4 a6 9. Nc2 Nf5 10. g4 Nh6 11. Rg1 Bb4+ 12. Kf1 Be7 13. a3 f5 14. exf6 Bf8 15. Bxh6 gxh6 16. b4 Bd6 17. Qd2 Bd7 18. Qxh6 0-0-0 19. Qe3 Qc7 20. h4 Bf4 21. Qc3 Rdf8 22. g5 h6 23. a4 e5 24. b5 exd4 25. Nfxd4 Nxd4 26. Qxc7+ Kxc7 27. Nxd4 a5 28. Bg4 hxg5 29. Bxd7 Kxd7 30. hxg5 Rhg8 31. Nf3 Kd6 32. Rd1 Rf7 33. Rd4 Bc1 34. Ke2 Bb2 35. Rf4 Ke6 36. Kd3 Ba3 37. Nd4+ Ke5 38. Rf5+ Kd6 39. g6 Kd7 40. Rxd5+ 1-0

[Event "Aragon-chT Preferente Gr I"]
[Site "Aragon"]
[Date "2022.02.05"]
[Round "2.37"]
[White "Dominguez Bujeda, Jesus"]
[Black "Planas Torrea, Alberto"]
[Result "1-0"]
[WhiteElo "2083"]
[BlackElo "1905"]
[PlyCount "57"]
[EventDate "2022.01.29"]
[EventType "team-tourn"]
[EventRounds "9"]
[EventCountry "ESP"]
[SourceTitle "EXT 2024"]
[Source "ChessBase"]
[SourceDate "2023.10.10"]
[SourceVersion "1"]
[SourceVersionDate "2023.10.10"]
[SourceQuality "1"]
[WhiteTeam "Teruel"]
[BlackTeam "Ejea"]
[WhiteTeamCountry "ESP"]
[BlackTeamCountry "ESP"]

1. d4 d5 2. c4 c6 3. Nc3 e6 4. e3 Bd6 5. Bd3 Nd7 6. Nf3 f5 7. Qc2 Ngf6 8. Bd2 0-0 9. cxd5 cxd5 10. Nb5 Ne8 11. Nxd6 Nxd6 12. Bb4 Qb6 13. Ba3 Rd8 14. 0-0 Nf6 15. Rfc1 Bd7 16. Bc5 Qc7 17. Qe2 Qb8 18. Ne5 Be8 19. Ba3 Rc8 20. Rxc8 Nxc8 21. Qc2 Nb6 22. Qc5 Bd7 23. b3 Qe8 24. Qc7 Qb8 25. Qc5 Qe8 26. Qa5 Nc8 27. Rc1 b6 28. Qa6 Qd8 29. Qb7 1-0

[Event "Aragon-chT Preferente Gr-II"]
[Site "Aragon"]
[Date "2020.02.22"]
[Round "5.70"]
[White "Planas Torrea, Alberto"]
[Black "Garcia Andres, Daniel"]
[Result "1-0"]
[WhiteElo "1910"]
[BlackElo "2029"]
[PlyCount "71"]
[EventDate "2020.01.25"]
[EventType "team-tourn"]
[EventRounds "9"]
[EventCountry "ESP"]
[SourceTitle "EXT 2022"]
[Source "ChessBase"]
[SourceDate "2021.10.06"]
[SourceVersion "1"]
[SourceVersionDate "2021.10.06"]
[SourceQuality "1"]
[WhiteTeam "Ejea"]
[BlackTeam "St Casablanca III"]
[WhiteTeamCountry "ESP"]
[BlackTeamCountry "ESP"]

1. e4 e5 2. Nf3 Nc6 3. d4 exd4 4. Bc4 Bc5 5. 0-0 d6 6. c3 Bg4 7. Qb3 Qd7 8. Bxf7+ Qxf7 9. Qxb7 Kd7 10. Nxd4 Bxd4 11. cxd4 Rb8 12. Qa6 Nxd4 13. Nc3 Ne7 14. Be3 Nec6 15. Bxd4 Nxd4 16. Rac1 Be6 17. Qa4+ Nc6 18. Ne2 Rb6 19. Rxc6 Kd8 20. Rxb6 cxb6 21. Rc1 Rf8 22. f3 Qb7 23. Qb4 Qd7 24. Nd4 Rf6 25. a4 Bf7 26. a5 d5 27. e5 Rg6 28. Qf8+ Qe8 29. Qb4 Qxe5 30. Nc6+ Rxc6 31. Rxc6 Kd7 32. Rc2 Qe3+ 33. Kf1 Bg6 34. Qg4+ Kd6 35. Qg3+ Qe5 36. Rc6+ 1-0

[Event "Aragon-chT Preferente Gr-II"]
[Site "Aragon"]
[Date "2020.02.08"]
[Round "3.66"]
[White "Planas Torrea, Alberto"]
[Black "Javierre Conesa, Alfonso"]
[Result "1/2-1/2"]
[WhiteElo "1910"]
[BlackElo "1867"]
[PlyCount "59"]
[EventDate "2020.01.25"]
[EventType "team-tourn"]
[EventRounds "9"]
[EventCountry "ESP"]
[SourceTitle "EXT 2022"]
[Source "ChessBase"]
[SourceDate "2021.10.06"]
[SourceVersion "1"]
[SourceVersionDate "2021.10.06"]
[SourceQuality "1"]
[WhiteTeam "Ejea"]
[BlackTeam "Las Fuentes II"]
[WhiteTeamCountry "ESP"]
[BlackTeamCountry "ESP"]

1. e4 c5 2. Nf3 g6 3. d4 cxd4 4. Nxd4 Bg7 5. Nc3 Nc6 6. Be3 d6 7. Be2 Nf6 8. f3 a6 9. Qd2 0-0 10. 0-0 Qc7 11. Rfd1 b5 12. a3 Bb7 13. Rac1 Rac8 14. Kh1 Rfd8 15. g4 e6 16. Qe1 d5 17. g5 Ne8 18. exd5 exd5 19. Qf2 Qe7 20. Bf1 Nxd4 21. Bxd4 Bxd4 22. Rxd4 Qxg5 23. Rcd1 Nc7 24. Bh3 Ne6 25. Rg4 Qf6 26. Rh4 Rc4 27. Rxc4 bxc4 28. Qb6 Qe7 29. Bxe6 fxe6 30. Ne4 1/2-1/2

[Event "Aragon-chT Preferente Gr-I"]
[Site "Aragon"]
[Date "2019.03.02"]
[Round "6.50"]
[White "Garcia Andres, Daniel"]
[Black "Planas Torrea, Alberto"]
[Result "1-0"]
[WhiteElo "1992"]
[BlackElo "1915"]
[PlyCount "85"]
[EventDate "2019.01.26"]
[EventType "team-tourn"]
[EventRounds "9"]
[EventCountry "ESP"]
[SourceTitle "EXT 2020"]
[Source "ChessBase"]
[SourceDate "2019.10.17"]
[SourceVersion "1"]
[SourceVersionDate "2019.10.17"]
[SourceQuality "1"]
[WhiteTeam "St Casablanca III"]
[BlackTeam "Ejea"]
[WhiteTeamCountry "ESP"]
[BlackTeamCountry "ESP"]

1. e4 e5 2. Nc3 Nf6 3. f4 d6 4. Nf3 Bg4 5. h3 Bxf3 6. Qxf3 Be7 7. Bc4 Nc6 8. d3 Nd4 9. Qf2 Nh5 10. Bxf7+ Kxf7 11. fxe5+ Ke8 12. Qxd4 Bh4+ 13. Kd1 Rf8 14. exd6 Qxd6 15. Qxd6 cxd6 16. Be3 Ng3 17. Rg1 Nf1 18. Bd4 Rf7 19. Ne2 Kd7 20. g3 Nxg3 21. Nxg3 Bxg3 22. Ke2 Be5 23. Be3 b6 24. d4 Bf6 25. Raf1 Raf8 26. Rg4 Be7 27. Rxf7 Rxf7 28. c4 Bf6 29. b4 Kc6 30. Rf4 Re7 31. h4 a5 32. b5+ Kb7 33. Kd3 Rc7 34. Bf2 Rd7 35. Bg3 Bd8 36. Rf5 Kc8 37. h5 h6 38. a4 Bg5 39. Rf8+ Kc7 40. e5 dxe5 41. Bxe5+ Kb7 42. Rb8+ Ka7 43. Rg8 1-0

[Event "Aragon-chT Preferente Gr II"]
[Site "Aragon"]
[Date "2018.03.17"]
[Round "8.54"]
[White "Planas Torrea, Alberto"]
[Black "Montes Santos, Lorenzo"]
[Result "0-1"]
[WhiteElo "1941"]
[BlackElo "2058"]
[PlyCount "80"]
[EventDate "2018.01.27"]
[EventType "team-tourn"]
[EventRounds "9"]
[EventCountry "ESP"]
[SourceTitle "EXT 2019"]
[Source "ChessBase"]
[SourceDate "2018.10.10"]
[SourceVersion "1"]
[SourceVersionDate "2018.10.10"]
[SourceQuality "1"]
[WhiteTeam "Ejea"]
[BlackTeam "Agrupacion II"]
[WhiteTeamCountry "ESP"]
[BlackTeamCountry "ESP"]

1. e4 c5 2. Nf3 g6 3. d4 Bg7 4. Nc3 cxd4 5. Nxd4 Nc6 6. Be3 Nf6 7. Be2 0-0 8. 0-0 d6 9. h3 Bd7 10. Qd2 Rc8 11. f4 a6 12. a4 Qc7 13. Nb3 Be6 14. a5 Qb8 15. Ra4 Bd7 16. Rc4 Be6 17. Ra4 Bd7 18. Rc4 Be6 19. Nd5 Bxd5 20. exd5 Na7 21. Rxc8 Nxc8 22. Qd3 Qc7 23. Qc4 Qd7 24. Bf3 Re8 25. Qb4 Qc7 26. c3 Nd7 27. Re1 h5 28. g4 hxg4 29. hxg4 g5 30. fxg5 Ne5 31. Be2 e6 32. Nd4 Qd7 33. dxe6 fxe6 34. Nf3 d5 35. Bd4 Nc6 36. Qa3 e5 37. Nh4 exd4 38. cxd4 Rxe2 39. Rxe2 Qxg4+ 40. Rg2 Bxd4+ 0-1

[Event "Aragon-chT Preferente A"]
[Site "Aragon"]
[Date "2016.03.05"]
[Round "6.30"]
[White "Perez Puyal, Jose Joaquin"]
[Black "Planas Torrea, Alberto"]
[Result "1-0"]
[WhiteElo "1855"]
[BlackElo "1967"]
[PlyCount "48"]
[EventDate "2016.01.30"]
[EventType "team-tourn"]
[EventRounds "9"]
[EventCountry "ESP"]
[SourceTitle "EXT 2018"]
[Source "ChessBase"]
[SourceDate "2017.10.13"]
[SourceVersion "1"]
[SourceVersionDate "2017.10.13"]
[SourceQuality "1"]
[WhiteTeam "Jaque"]
[BlackTeam "Ejea"]
[WhiteTeamCountry "ESP"]
[BlackTeamCountry "ESP"]

1. d4 c6 2. Nf3 e6 3. e3 d5 4. Bd3 Bd6 5. Nbd2 Nd7 6. e4 dxe4 7. Nxe4 Be7 8. Bf4 Ndf6 9. Be5 Kf8 10. 0-0 Nxe4 11. Bxe4 Nf6 12. Bd3 c5 13. c3 Bd7 14. dxc5 Bxc5 15. Nd4 Bxd4 16. Bxd4 Bc6 17. Qe2 Qd5 18. f4 Nd7 19. Rae1 b5 20. Qg4 Nf6 21. Qh3 h5 22. f5 Rh6 23. fxe6 Rg6 24. Bxg6 fxg6 1-0

[Event "Aragon-chT Preferente A"]
[Site "Aragon"]
[Date "2016.01.30"]
[Round "1.34"]
[White "Planas Torrea, Alberto"]
[Black "Fernandez Rubio, Rafael"]
[Result "0-1"]
[WhiteElo "1967"]
[BlackElo "2042"]
[PlyCount "90"]
[EventDate "2016.01.30"]
[EventType "team-tourn"]
[EventRounds "9"]
[EventCountry "ESP"]
[SourceTitle "EXT 2018"]
[Source "ChessBase"]
[SourceDate "2017.10.13"]
[SourceVersion "1"]
[SourceVersionDate "2017.10.13"]
[SourceQuality "1"]
[WhiteTeam "Ejea"]
[BlackTeam "Tauste"]
[WhiteTeamCountry "ESP"]
[BlackTeamCountry "ESP"]

1. e4 d6 2. d4 Nf6 3. Nc3 Nbd7 4. Nge2 e5 5. g3 Be7 6. Bg2 0-0 7. 0-0 c6 8. h3 Qc7 9. g4 b5 10. a3 a6 11. Ng3 g6 12. Kh1 Bb7 13. f4 exd4 14. Nce2 c5 15. c3 dxc3 16. g5 Ne8 17. Nxc3 Ng7 18. Nd5 Bxd5 19. exd5 f6 20. h4 fxg5 21. hxg5 c4 22. Be3 Rae8 23. Bd4 Nc5 24. Bxg7 Kxg7 25. Qd4+ Kg8 26. Bh3 h5 27. Rae1 h4 28. Be6+ Kh7 29. f5 Bxg5 30. fxg6+ Kxg6 31. Rxf8 Rxf8 32. Ne4 Rf4 33. Kg2 Qb7 34. Qh8 Nxe4 35. Rxe4 Rxe4 36. Qe8+ Kh6 37. Qh8+ Qh7 38. Qxh7+ Kxh7 39. Bf5+ Kg7 40. Bxe4 Bc1 41. Kh3 Kf6 42. Kxh4 Bxb2 43. a4 Ke5 44. axb5 Kxe4 45. b6 Bf6+ 0-1

[Event "Aragon-chT Preferente B"]
[Site "Aragon"]
[Date "2015.02.07"]
[Round "3.62"]
[White "Vasilev, Vas"]
[Black "Planas Torrea, Alberto"]
[Result "0-1"]
[WhiteElo "1943"]
[BlackElo "1928"]
[PlyCount "70"]
[EventDate "2015.01.24"]
[EventType "team-tourn"]
[EventRounds "9"]
[EventCountry "ESP"]
[SourceTitle "EXT 2017"]
[Source "ChessBase"]
[SourceDate "2016.10.25"]
[SourceVersion "1"]
[SourceVersionDate "2016.10.25"]
[SourceQuality "1"]
[WhiteTeam "Caissa II"]
[BlackTeam "Ejea"]
[WhiteTeamCountry "ESP"]
[BlackTeamCountry "ESP"]

1. d4 d5 2. Nf3 c6 3. Bg5 Bg4 4. e3 Nd7 5. c4 Qa5+ 6. Nc3 dxc4 7. Bf4 b5 8. Be2 e6 9. 0-0 Ngf6 10. Ne5 Nxe5 11. Bxe5 Bxe2 12. Qxe2 Be7 13. a4 Qb6 14. Rfb1 0-0 15. Bxf6 Bxf6 16. Ne4 Be7 17. b3 f5 18. Nc3 Qa5 19. b4 Qb6 20. axb5 cxb5 21. Ra5 a6 22. Ra2 Qc6 23. f4 Rfb8 24. Rab2 a5 25. bxa5 Rxa5 26. Qd2 b4 27. d5 exd5 28. Na2 Rxa2 29. Rxa2 c3 30. Qc2 Qc4 31. Qb3 Bc5 32. Qxc4 Bxe3+ 33. Kf1 dxc4 34. Rc2 Bd4 35. Ke2 b3 0-1

[Event "Aragon-chT Preferente B"]
[Site "Aragon"]
[Date "2015.01.31"]
[Round "2.62"]
[White "Planas Torrea, Alberto"]
[Black "Fuster Garcia, Luis Miguel"]
[Result "1-0"]
[WhiteElo "1928"]
[BlackElo "2195"]
[PlyCount "64"]
[EventDate "2015.01.24"]
[EventType "team-tourn"]
[EventRounds "9"]
[EventCountry "ESP"]
[SourceTitle "EXT 2017"]
[Source "ChessBase"]
[SourceDate "2016.10.25"]
[SourceVersion "1"]
[SourceVersionDate "2016.10.25"]
[SourceQuality "1"]
[WhiteTeam "Ejea"]
[BlackTeam "Marcos Frechin"]
[WhiteTeamCountry "ESP"]
[BlackTeamCountry "ESP"]

1. e4 d5 2. exd5 Qxd5 3. Nc3 Qd8 4. d4 Nf6 5. Bc4 c6 6. Nf3 Nd5 7. Ne5 e6 8. 0-0 Nd7 9. Ne4 Nxe5 10. dxe5 Qc7 11. f4 Be7 12. Qg4 Kf8 13. Qe2 b5 14. Bd3 Qb6+ 15. Kh1 g6 16. b3 b4 17. Bd2 a5 18. a3 h5 19. axb4 Nxb4 20. Be3 Qc7 21. Nc5 Kg7 22. Qf2 Nd5 23. Bd4 Kh7 24. c4 Nb4 25. Be4 Rd8 26. Rad1 Ba6 27. Qg3 Rxd4 28. Nxe6 Rxd1 29. Rxd1 Bh4 30. Qxh4 fxe6 31. Qxh5+ Kg8 32. Qxg6+ Kf8 1-0

[Event "Aragon-chT Preferente B"]
[Site "Aragon"]
[Date "2014.03.22"]
[Round "9.66"]
[White "Ferrer Echevarri, Francisco Javier"]
[Black "Planas Torrea, Alberto"]
[Result "1/2-1/2"]
[WhiteElo "1933"]
[BlackElo "1920"]
[PlyCount "72"]
[EventDate "2014.01.25"]
[EventType "team-tourn"]
[EventRounds "9"]
[EventCountry "ESP"]
[SourceTitle "EXT 2015"]
[Source "ChessBase"]
[SourceDate "2014.11.20"]
[SourceVersion "1"]
[SourceVersionDate "2014.11.20"]
[SourceQuality "1"]
[WhiteTeam "Aragon ONCE II"]
[BlackTeam "Ejea"]
[WhiteTeamCountry "ESP"]
[BlackTeamCountry "ESP"]

1. d4 d5 2. Nf3 c6 3. b3 e6 4. Bb2 Bd6 5. g3 Nd7 6. Bg2 f5 7. Nbd2 Ngf6 8. c4 0-0 9. 0-0 Ne4 10. Ne1 Qf6 11. Nd3 h5 12. Nf3 g5 13. Nfe5 Qg7 14. e3 g4 15. Nf4 Nxe5 16. dxe5 Bxe5 17. Bxe5 Qxe5 18. Ng6 Qf6 19. Nxf8 Kxf8 20. Bxe4 fxe4 21. Qd4 Qxd4 22. exd4 Ke7 23. Rac1 Bd7 24. cxd5 exd5 25. Rc3 Kd6 26. Rfc1 Rf8 27. Kf1 Kc7 28. a3 Rf6 29. b4 a6 30. a4 b6 31. Ke2 Kb7 32. Ke1 Kc7 33. b5 a5 34. bxc6 Bxc6 35. Ra1 Kb7 36. Ra2 Kc7 1/2-1/2

[Event "Aragon-chT Preferente B"]
[Site "Aragon"]
[Date "2014.03.08"]
[Round "7.70"]
[White "Alonso Blasco, Jose Miguel"]
[Black "Planas Torrea, Alberto"]
[Result "0-1"]
[WhiteElo "2105"]
[BlackElo "1920"]
[PlyCount "64"]
[EventDate "2014.01.25"]
[EventType "team-tourn"]
[EventRounds "9"]
[EventCountry "ESP"]
[SourceTitle "EXT 2015"]
[Source "ChessBase"]
[SourceDate "2014.11.20"]
[SourceVersion "1"]
[SourceVersionDate "2014.11.20"]
[SourceQuality "1"]
[WhiteTeam "Las Fuentes"]
[BlackTeam "Ejea"]
[WhiteTeamCountry "ESP"]
[BlackTeamCountry "ESP"]

1. e4 e5 2. Nf3 Nc6 3. Bb5 Nge7 4. c3 d6 5. d4 Bd7 6. 0-0 Ng6 7. Re1 Be7 8. Nbd2 Bf6 9. Nf1 a6 10. Bc4 Na5 11. Bd3 c5 12. dxc5 dxc5 13. Be3 Qe7 14. h3 0-0 15. Qe2 Rfd8 16. b4 cxb4 17. Bb6 Nf4 18. Qc2 Bxh3 19. Bxa5 Rxd3 20. Re3 Rxe3 21. fxe3 Bxg2 22. Bxb4 Qe6 23. exf4 Bxf3 24. f5 Qb6+ 25. Kh2 Bg5 26. Kg3 Bh5 27. Kh2 Bf4+ 28. Kg2 Qf6 29. Ng3 Qg5 30. Qf2 Rd8 31. Rh1 Rd2 32. Qxd2 Qxg3+ 0-1

[Event "Aragon-chT Preferente B"]
[Site "Aragon"]
[Date "2014.03.01"]
[Round "6.54"]
[White "Planas Torrea, Alberto"]
[Black "Aviol Perez, Jose Mariano"]
[Result "1-0"]
[WhiteElo "1920"]
[BlackElo "1958"]
[PlyCount "136"]
[EventDate "2014.01.25"]
[EventType "team-tourn"]
[EventRounds "9"]
[EventCountry "ESP"]
[SourceTitle "EXT 2015"]
[Source "ChessBase"]
[SourceDate "2014.11.20"]
[SourceVersion "1"]
[SourceVersionDate "2014.11.20"]
[SourceQuality "1"]
[WhiteTeam "Ejea"]
[BlackTeam "Actur Rey Fernando"]
[WhiteTeamCountry "ESP"]
[BlackTeamCountry "ESP"]

1. e4 d6 2. d4 Nf6 3. Nc3 g6 4. Nge2 Bg7 5. h3 0-0 6. g4 e5 7. Bg2 Nc6 8. Be3 exd4 9. Nxd4 Bd7 10. Qd2 Re8 11. 0-0-0 Nxd4 12. Bxd4 Bc6 13. f3 b5 14. h4 b4 15. Ne2 h5 16. g5 Nd7 17. Bxg7 Kxg7 18. Qxb4 Kg8 19. Nc3 Rb8 20. Qd4 a5 21. a3 Rb6 22. Bh3 Nc5 23. Qxc5 dxc5 24. Rxd8 Rxd8 25. Rd1 Rbb8 26. Bf1 Kf8 27. Bc4 Rd4 28. b3 Rbd8 29. Bd3 Ke7 30. Ne2 R4d6 31. Nf4 Bb7 32. Re1 Rd4 33. Ne2 R4d6 34. Nf4 c6 35. a4 Bc8 36. Kd2 Ba6 37. c4 Rb8 38. Kc3 Bc8 39. Be2 Be6 40. Nd3 Rbd8 41. Nxc5 Bc8 42. Nd3 Rd4 43. Ne5 R4d6 44. c5 Re6 45. f4 Bb7 46. Bc4 Rxe5 47. fxe5 Bc8 48. Rf1 Be6 49. Bxe6 fxe6 50. Rf6 Rd1 51. Rxg6 Rh1 52. Rg7+ Kf8 53. Rc7 Rh3+ 54. Kd4 Rxh4 55. Rxc6 Kf7 56. g6+ Kxg6 57. Rxe6+ Kg5 58. c6 Rh1 59. Rd6 h4 60. e6 Kf6 61. e5+ Ke7 62. Kc5 h3 63. c7 h2 64. Kb6 Rc1 65. Rd7+ Kxe6 66. Rh7 Kxe5 67. Rxh2 Kd6 68. Rd2+ Ke7 1-0

[Event "Aragon-chT Preferente B"]
[Site "Aragon"]
[Date "2014.02.22"]
[Round "5.71"]
[White "Bayod Rubia, Angel"]
[Black "Planas Torrea, Alberto"]
[Result "1-0"]
[WhiteElo "2002"]
[BlackElo "1920"]
[PlyCount "73"]
[EventDate "2014.01.25"]
[EventType "team-tourn"]
[EventRounds "9"]
[EventCountry "ESP"]
[SourceTitle "EXT 2015"]
[Source "ChessBase"]
[SourceDate "2014.11.20"]
[SourceVersion "1"]
[SourceVersionDate "2014.11.20"]
[SourceQuality "1"]
[WhiteTeam "El Olivar III"]
[BlackTeam "Ejea"]
[WhiteTeamCountry "ESP"]
[BlackTeamCountry "ESP"]

1. e4 e5 2. Nf3 Nc6 3. d4 exd4 4. Nxd4 Bc5 5. Be3 Qf6 6. c3 Nge7 7. Nc2 d6 8. Bxc5 dxc5 9. Ne3 Be6 10. Bb5 Qg6 11. Nd2 0-0-0 12. Bxc6 Nxc6 13. Qe2 Rhe8 14. f4 f5 15. e5 Qf7 16. Nf3 h6 17. 0-0 Qh5 18. Qf2 g5 19. Ne1 Nxe5 20. fxe5 f4 21. N3c2 Bc4 22. Qf3 g4 23. Qxf4 Bxf1 24. Qxf1 Rxe5 25. Nd3 Rf5 26. Nf4 Qf7 27. g3 h5 28. Ne3 Re5 29. Nc4 Re4 30. b3 h4 31. Re1 Rxe1 32. Qxe1 Re8 33. Qd1 Qf5 34. Kf2 hxg3+ 35. hxg3 Rh8 36. Ne3 Rd8 37. Qxd8+ 1-0

[Event "Aragon-chT Preferente B"]
[Site "Aragon"]
[Date "2013.03.02"]
[Round "6.70"]
[White "Planas Torrea, Alberto"]
[Black "Sanchez Castro, Roberto"]
[Result "0-1"]
[WhiteElo "1940"]
[BlackElo "2014"]
[PlyCount "68"]
[EventDate "2013.01.26"]
[EventType "team"]
[EventRounds "9"]
[EventCountry "ESP"]
[SourceTitle "EXT 2014"]
[Source "ChessBase"]
[SourceDate "2013.11.20"]
[SourceVersion "1"]
[SourceVersionDate "2013.11.20"]
[SourceQuality "1"]
[WhiteTeam "Ejea"]
[BlackTeam "IberCaja III"]
[WhiteTeamCountry "ESP"]
[BlackTeamCountry "ESP"]

1. e4 c5 2. Nf3 Nc6 3. d4 cxd4 4. Nxd4 Nf6 5. Nc3 e5 6. Ndb5 d6 7. Bg5 a6 8. Bxf6 gxf6 9. Na3 b5 10. Nd5 f5 11. Bd3 Be6 12. Qh5 Ra7 13. 0-0 f4 14. Rad1 Rg8 15. Nxb5 Bg4 16. Qxh7 Rg7 17. Qxg7 Bxg7 18. Nxa7 Nxa7 19. f3 Bc8 20. c3 Bb7 21. Bc4 Bxd5 22. Bxd5 Bf6 23. Rd2 Qb6+ 24. Kh1 Bd8 25. Rfd1 Bc7 26. g4 Nc8 27. Bc4 Ne7 28. Kg2 Ng6 29. Kh3 Qe3 30. Be2 d5 31. exd5 e4 32. d6 Bb6 33. d7+ Kd8 34. Rd6 Qxe2 0-1

[Event "Aragon-chT Preferente A"]
[Site "Aragon"]
[Date "2012.03.17"]
[Round "7.46"]
[White "Planas Torrea, Alberto"]
[Black "Sanmiguel Mateo, Luis"]
[Result "1-0"]
[WhiteElo "1920"]
[BlackElo "1958"]
[PlyCount "73"]
[EventDate "2012.02.04"]
[EventType "team"]
[EventRounds "9"]
[EventCountry "ESP"]
[SourceTitle "EXT 2014"]
[Source "ChessBase"]
[SourceDate "2013.11.20"]
[SourceVersion "1"]
[SourceVersionDate "2013.11.20"]
[SourceQuality "1"]
[WhiteTeam "Ejea"]
[BlackTeam "Calatayud"]
[WhiteTeamCountry "ESP"]
[BlackTeamCountry "ESP"]

1. e4 c6 2. d4 d5 3. e5 c5 4. Ne2 Nc6 5. c3 Bg4 6. f3 Bf5 7. Ng3 Bxb1 8. Rxb1 e6 9. Be3 Qc7 10. Bd3 c4 11. Bc2 f5 12. f4 Be7 13. Nxf5 exf5 14. Bxf5 g6 15. Be6 Nh6 16. Bxd5 Nf5 17. Qf3 Na5 18. Bf2 0-0-0 19. 0-0 Kb8 20. Be4 Rhf8 21. g4 Ng7 22. Qe3 b6 23. Bg3 Nb7 24. Qe2 Rde8 25. h4 Ne6 26. Bd5 Ng7 27. Qxc4 h5 28. Qxc7+ Kxc7 29. Be4 hxg4 30. Bxg6 Rc8 31. f5 Bd8 32. Rf4 Kc6 33. Rbf1 Rh8 34. Rxg4 Nh5 35. Bh2 Ng7 36. f6 Nh5 37. Be4+ 1-0

[Event "Aragon-chT Preferente A"]
[Site "Aragon"]
[Date "2012.03.03"]
[Round "5.42"]
[White "Planas Torrea, Alberto"]
[Black "Fernandez Rubio, Rafael"]
[Result "0-1"]
[WhiteElo "1920"]
[BlackElo "2064"]
[PlyCount "58"]
[EventDate "2012.02.04"]
[EventType "team"]
[EventRounds "9"]
[EventCountry "ESP"]
[SourceTitle "EXT 2014"]
[Source "ChessBase"]
[SourceDate "2013.11.20"]
[SourceVersion "1"]
[SourceVersionDate "2013.11.20"]
[SourceQuality "1"]
[WhiteTeam "Ejea"]
[BlackTeam "Tauste"]
[WhiteTeamCountry "ESP"]
[BlackTeamCountry "ESP"]

1. e4 d6 2. d4 Nf6 3. Nc3 Nbd7 4. Nge2 e5 5. g3 Be7 6. Bg2 0-0 7. 0-0 c6 8. a4 b6 9. h3 Bb7 10. g4 Qc7 11. Ng3 g6 12. Bh6 Rfd8 13. f4 exd4 14. Qxd4 d5 15. Qd2 dxe4 16. Ncxe4 Nc5 17. Qc3 Ncxe4 18. Nxe4 Ne8 19. f5 c5 20. fxg6 hxg6 21. Rae1 Rd4 22. Qf3 Bh4 23. Nf6+ Nxf6 24. Qxb7 Qxb7 25. Bxb7 Rb8 26. Re2 Rxb7 27. b3 Re4 28. Rxe4 Nxe4 29. Rf4 Bg5 0-1

[Event "Aragon-chT Preferente A"]
[Site "Aragon"]
[Date "2012.02.18"]
[Round "3.38"]
[White "Planas Torrea, Alberto"]
[Black "Arpa Pardo, Emilio"]
[Result "1-0"]
[WhiteElo "1920"]
[BlackElo "2047"]
[PlyCount "87"]
[EventDate "2012.02.04"]
[EventType "team"]
[EventRounds "9"]
[EventCountry "ESP"]
[SourceTitle "EXT 2014"]
[Source "ChessBase"]
[SourceDate "2013.11.20"]
[SourceVersion "1"]
[SourceVersionDate "2013.11.20"]
[SourceQuality "1"]
[WhiteTeam "Ejea"]
[BlackTeam "Teruel"]
[WhiteTeamCountry "ESP"]
[BlackTeamCountry "ESP"]

1. e4 e5 2. Nf3 Nc6 3. d4 exd4 4. Bc4 Nf6 5. 0-0 Nxe4 6. Re1 d5 7. Bxd5 Qxd5 8. Nc3 Qf5 9. Nxe4 Be6 10. Nxd4 Qd5 11. Nxe6 Qxd1 12. Nxc7+ Kd7 13. Rxd1+ Kxc7 14. Bf4+ Kb6 15. Rd7 Re8 16. Be3+ Ka6 17. Nc3 Ne5 18. Rd4 b5 19. a4 b4 20. Nb5 Bc5 21. Rd5 Bxe3 22. Nc7+ Kb6 23. Nxe8 Rxe8 24. fxe3 Nc4 25. Rb5+ Kc6 26. Rxb4 Nxe3 27. Re1 Re6 28. Rb3 Nc4 29. Rxe6+ fxe6 30. Rc3 Kd5 31. b3 Na3 32. Rc7 e5 33. Kf2 Ke4 34. Ke2 g5 35. Kd2 a5 36. Kc1 Ke3 37. Kb2 Kf2 38. Re7 Kxg2 39. Rxe5 h6 40. h4 gxh4 41. Rh5 Nxc2 42. Kxc2 Kg3 43. Rxh6 Kh3 44. Rh5 1-0